<?xml version="1.0" encoding="UTF-8"?>
<record
    xmlns:xsi="http://www.w3.org/2001/XMLSchema-instance"
    xsi:schemaLocation="http://www.loc.gov/MARC21/slim http://www.loc.gov/standards/marcxml/schema/MARC21slim.xsd"
    xmlns="http://www.loc.gov/MARC21/slim">

  <leader>03140nam a22002777a 4500</leader>
  <controlfield tag="003">NALT</controlfield>
  <controlfield tag="005">20250410135432.0</controlfield>
  <controlfield tag="008">230907b        th ||||| |||| 00| 0 tha d</controlfield>
  <datafield tag="020" ind1=" " ind2=" ">
    <subfield code="a">9786164870468</subfield>
  </datafield>
  <datafield tag="040" ind1=" " ind2=" ">
    <subfield code="a">NALT</subfield>
  </datafield>
  <datafield tag="050" ind1=" " ind2=" ">
    <subfield code="a">HG 4661</subfield>
    <subfield code="b">&#xE04;129&#xE01; 2562</subfield>
  </datafield>
  <datafield tag="100" ind1="0" ind2=" ">
    <subfield code="a">&#xE04;&#xE13;&#xE34;&#xE15; &#xE19;&#xE34;&#xE21;&#xE21;&#xE32;&#xE25;&#xE31;&#xE22;&#xE23;&#xE31;&#xE15;&#xE19;&#xE4C;.</subfield>
    <subfield code="9">42004</subfield>
  </datafield>
  <datafield tag="245" ind1="1" ind2="0">
    <subfield code="a">&#xE01;&#xE25;&#xE22;&#xE38;&#xE17;&#xE18;&#xE4C;&#xE40;&#xE1F;&#xE49;&#xE19;&#xE2B;&#xE38;&#xE49;&#xE19;&#xE42;&#xE15;&#xE15;&#xE31;&#xE27;&#xE43;&#xE2B;&#xE21;&#xE48; &#xE46; &#xE17;&#xE35;&#xE48;&#xE43;&#xE04;&#xE23; &#xE46; &#xE22;&#xE31;&#xE07;&#xE21;&#xE2D;&#xE07;&#xE44;&#xE21;&#xE48;&#xE2D;&#xE2D;&#xE01; /</subfield>
    <subfield code="c">&#xE04;&#xE13;&#xE34;&#xE15; &#xE19;&#xE34;&#xE21;&#xE21;&#xE32;&#xE25;&#xE31;&#xE22;&#xE23;&#xE31;&#xE15;&#xE19;&#xE4C;.</subfield>
  </datafield>
  <datafield tag="250" ind1=" " ind2=" ">
    <subfield code="a">&#xE1E;&#xE34;&#xE21;&#xE1E;&#xE4C;&#xE04;&#xE23;&#xE31;&#xE49;&#xE07;&#xE17;&#xE35;&#xE48; 1.</subfield>
  </datafield>
  <datafield tag="260" ind1=" " ind2=" ">
    <subfield code="a">&#xE19;&#xE19;&#xE17;&#xE1A;&#xE38;&#xE23;&#xE35; :</subfield>
    <subfield code="b">&#xE44;&#xE2D;&#xE14;&#xE35;&#xE0B;&#xE35; &#xE1E;&#xE23;&#xE35;&#xE40;&#xE21;&#xE35;&#xE22;&#xE23;&#xE4C;,</subfield>
    <subfield code="c">2562.</subfield>
  </datafield>
  <datafield tag="300" ind1=" " ind2=" ">
    <subfield code="a">208 &#xE2B;&#xE19;&#xE49;&#xE32; :</subfield>
    <subfield code="b">&#xE20;&#xE32;&#xE1E;&#xE1B;&#xE23;&#xE30;&#xE01;&#xE2D;&#xE1A; ;</subfield>
    <subfield code="c">21 &#xE0B;&#xE21;.</subfield>
  </datafield>
  <datafield tag="490" ind1=" " ind2="0">
    <subfield code="a">&#xE40;&#xE1F;&#xE49;&#xE19;&#xE2B;&#xE32;&#xE2B;&#xE38;&#xE49;&#xE19; ;</subfield>
    <subfield code="v">&#xE25;&#xE33;&#xE14;&#xE31;&#xE1A;&#xE17;&#xE35;&#xE48; 5.</subfield>
  </datafield>
  <datafield tag="505" ind1="2" ind2=" ">
    <subfield code="a">&#xE04;&#xE27;&#xE32;&#xE21;&#xE04;&#xE34;&#xE14;&#xE17;&#xE35;&#xE48;&#xE14;&#xE35;&#xE41;&#xE25;&#xE30;&#xE44;&#xE21;&#xE48;&#xE14;&#xE35;&#xE2A;&#xE33;&#xE2B;&#xE23;&#xE31;&#xE1A;&#xE19;&#xE31;&#xE01;&#xE25;&#xE07;&#xE17;&#xE38;&#xE19;&#xE23;&#xE30;&#xE22;&#xE30;&#xE22;&#xE32;&#xE27; -- &#xE01;&#xE23;&#xE30;&#xE41;&#xE2A;&#xE41;&#xE2B;&#xE48;&#xE07;&#xE04;&#xE27;&#xE32;&#xE21;&#xE2A;&#xE33;&#xE40;&#xE23;&#xE47;&#xE08; -- &#xE21;&#xE2D;&#xE07;&#xE2B;&#xE32;&#xE2B;&#xE38;&#xE49;&#xE19;&#xE1E;&#xE25;&#xE34;&#xE01;&#xE1F;&#xE37;&#xE49;&#xE19;&#xE40;&#xE23;&#xE34;&#xE48;&#xE21;&#xE15;&#xE23;&#xE07;&#xE08;&#xE38;&#xE14;&#xE44;&#xE2B;&#xE19; -- &#xE01;&#xE25;&#xE22;&#xE38;&#xE17;&#xE18;&#xE4C;&#xE40;&#xE25;&#xE48;&#xE19;&#xE2B;&#xE38;&#xE49;&#xE19;&#xE43;&#xE19;&#xE20;&#xE32;&#xE27;&#xE30;&#xE27;&#xE34;&#xE01;&#xE24;&#xE15; -- &#xE40;&#xE25;&#xE48;&#xE19;&#xE2B;&#xE38;&#xE49;&#xE19;&#xE15;&#xE32;&#xE21;&#xE01;&#xE23;&#xE30;&#xE41;&#xE2A;&#xE40;&#xE15;&#xE34;&#xE1A;&#xE42;&#xE15;&#xE02;&#xE2D;&#xE07;&#xE42;&#xE25;&#xE01; -- &#xE1C;&#xE25;&#xE01;&#xE23;&#xE30;&#xE17;&#xE1A;&#xE02;&#xE2D;&#xE07;&#xE2A;&#xE07;&#xE04;&#xE23;&#xE32;&#xE21;&#xE01;&#xE32;&#xE23;&#xE04;&#xE49;&#xE32;&#xE01;&#xE31;&#xE1A;&#xE01;&#xE32;&#xE23;&#xE25;&#xE07;&#xE17;&#xE38;&#xE19;&#xE43;&#xE19;&#xE2B;&#xE38;&#xE49;&#xE19; -- &#xE17;&#xE33;&#xE44;&#xE21;&#xE2B;&#xE38;&#xE49;&#xE19;&#xE04;&#xE49;&#xE32;&#xE1B;&#xE25;&#xE35;&#xE01;&#xE17;&#xE49;&#xE2D;&#xE07;&#xE16;&#xE34;&#xE48;&#xE19;&#xE23;&#xE32;&#xE04;&#xE32;&#xE44;&#xE21;&#xE48;&#xE44;&#xE1B;&#xE44;&#xE2B;&#xE19; -- &#xE2A;&#xE34;&#xE48;&#xE07;&#xE17;&#xE35;&#xE48;&#xE08;&#xE30;&#xE17;&#xE33;&#xE43;&#xE2B;&#xE49;&#xE1E;&#xE2D;&#xE23;&#xE4C;&#xE15;&#xE40;&#xE25;&#xE47;&#xE01;&#xE01;&#xE25;&#xE32;&#xE22;&#xE40;&#xE1B;&#xE47;&#xE19;&#xE1E;&#xE2D;&#xE23;&#xE4C;&#xE15;&#xE43;&#xE2B;&#xE0D;&#xE48; -- &#xE2D;&#xE19;&#xE32;&#xE04;&#xE15;&#xE02;&#xE2D;&#xE07;&#xE1B;&#xE23;&#xE30;&#xE0A;&#xE32;&#xE01;&#xE23;&#xE17;&#xE35;&#xE48;&#xE40;&#xE1B;&#xE47;&#xE19; "&#xE2B;&#xE38;&#xE48;&#xE19;&#xE22;&#xE19;&#xE15;&#xE4C;" -- &#xE1D;&#xE31;&#xE19;&#xE23;&#xE49;&#xE32;&#xE22;&#xE02;&#xE2D;&#xE07;&#xE2B;&#xE38;&#xE49;&#xE19;&#xE40;&#xE15;&#xE34;&#xE1A;&#xE42;&#xE15; -- &#xE16;&#xE2D;&#xE14;&#xE23;&#xE2B;&#xE31;&#xE2A;&#xE1E;&#xE2D;&#xE23;&#xE4C;&#xE15;&#xE40;&#xE0B;&#xE35;&#xE22;&#xE19;&#xE2B;&#xE38;&#xE49;&#xE19; "&#xE2A;&#xE16;&#xE32;&#xE1E;&#xE23; &#xE07;&#xE32;&#xE21;&#xE40;&#xE23;&#xE37;&#xE2D;&#xE07;&#xE1E;&#xE07;&#xE28;&#xE4C;" -- &#xE1B;&#xE23;&#xE32;&#xE01;&#xE0F;&#xE01;&#xE32;&#xE23;&#xE13;&#xE4C;&#xE01;&#xE25;&#xE48;&#xE2D;&#xE07;&#xE40;&#xE15;&#xE47;&#xE21;&#xE1A;&#xE49;&#xE32;&#xE19; -- &#xE01;&#xE32;&#xE23;&#xE01;&#xE33;&#xE40;&#xE19;&#xE34;&#xE14;&#xE40;&#xE01;&#xE34;&#xE14;&#xE02;&#xE36;&#xE49;&#xE19;&#xE02;&#xE2D;&#xE07;&#xE22;&#xE32;&#xE19;&#xE22;&#xE19;&#xE15;&#xE4C;&#xE44;&#xE1F;&#xE1F;&#xE49;&#xE32; -- &#xE2A;&#xE34;&#xE19;&#xE17;&#xE23;&#xE31;&#xE1E;&#xE22;&#xE4C;&#xE43;&#xE19;&#xE42;&#xE25;&#xE01;&#xE22;&#xE38;&#xE04;&#xE43;&#xE2B;&#xE21;&#xE48; -- &#xE2B;&#xE38;&#xE49;&#xE19;&#xE1B;&#xE31;&#xE4A;&#xE21;&#xE19;&#xE49;&#xE33;&#xE21;&#xE31;&#xE19;&#xE01;&#xE31;&#xE1A;&#xE04;&#xE48;&#xE32;&#xE01;&#xE32;&#xE23;&#xE15;&#xE25;&#xE32;&#xE14; -- &#xE1E;&#xE32;&#xE22;&#xE38;&#xE23;&#xE49;&#xE32;&#xE22;&#xE02;&#xE2D;&#xE07;&#xE2B;&#xE38;&#xE49;&#xE19;&#xE40;&#xE14;&#xE34;&#xE19;&#xE40;&#xE23;&#xE37;&#xE2D; -- &#xE21;&#xE2D;&#xE07;&#xE2B;&#xE32;&#xE42;&#xE2D;&#xE01;&#xE32;&#xE2A;&#xE43;&#xE19;&#xE2B;&#xE38;&#xE49;&#xE19;&#xE1E;&#xE25;&#xE34;&#xE01;&#xE1F;&#xE37;&#xE49;&#xE19; -- &#xE2A;&#xE23;&#xE38;&#xE1B;&#xE2A;&#xE07;&#xE04;&#xE23;&#xE32;&#xE21;&#xE01;&#xE32;&#xE23;&#xE04;&#xE49;&#xE32;&#xE08;&#xE35;&#xE19; &#xE2A;&#xE2B;&#xE23;&#xE31;&#xE10;&#xE2F; &#xE41;&#xE25;&#xE01;&#xE2B;&#xE21;&#xE31;&#xE14;&#xE2D;&#xE30;&#xE44;&#xE23;&#xE44;&#xE1B;&#xE1A;&#xE49;&#xE32;&#xE07; -- &#xE2A;&#xE34;&#xE48;&#xE07;&#xE17;&#xE35;&#xE48;&#xE08;&#xE30;&#xE17;&#xE33;&#xE43;&#xE2B;&#xE49;&#xE01;&#xE33;&#xE44;&#xE23;&#xE15;&#xE48;&#xE2D;&#xE2B;&#xE38;&#xE49;&#xE19;&#xE40;&#xE15;&#xE34;&#xE1A;&#xE42;&#xE15; -- &#xE2B;&#xE38;&#xE49;&#xE19;&#xE23;&#xE16;&#xE40;&#xE0A;&#xE48;&#xE32;&#xE25;&#xE07;&#xE17;&#xE38;&#xE19;&#xE2D;&#xE22;&#xE48;&#xE32;&#xE07;&#xE44;&#xE23; -- &#xE2B;&#xE38;&#xE49;&#xE19;&#xE17;&#xE35;&#xE48;&#xE15;&#xE31;&#xE14;&#xE04;&#xE48;&#xE32;&#xE40;&#xE2A;&#xE37;&#xE48;&#xE2D;&#xE21;&#xE2B;&#xE21;&#xE14;.</subfield>
  </datafield>
  <datafield tag="650" ind1=" " ind2="4">
    <subfield code="9">9940</subfield>
    <subfield code="a">&#xE2B;&#xE38;&#xE49;&#xE19;&#xE41;&#xE25;&#xE30;&#xE01;&#xE32;&#xE23;&#xE40;&#xE25;&#xE48;&#xE19;&#xE2B;&#xE38;&#xE49;&#xE19;</subfield>
  </datafield>
  <datafield tag="650" ind1=" " ind2="4">
    <subfield code="9">4174</subfield>
    <subfield code="a">&#xE01;&#xE32;&#xE23;&#xE25;&#xE07;&#xE17;&#xE38;&#xE19;</subfield>
  </datafield>
  <datafield tag="850" ind1=" " ind2=" ">
    <subfield code="a">NALT</subfield>
  </datafield>
  <datafield tag="942" ind1=" " ind2=" ">
    <subfield code="2">lcc</subfield>
    <subfield code="c">GB</subfield>
  </datafield>
  <datafield tag="996" ind1=" " ind2=" ">
    <subfield code="a">kornsiririn.r</subfield>
    <subfield code="b">CATSTF	</subfield>
    <subfield code="c">2023-09-07</subfield>
  </datafield>
  <datafield tag="996" ind1=" " ind2=" ">
    <subfield code="a">phornvitoo</subfield>
    <subfield code="b">CATSTF	</subfield>
    <subfield code="c">2023-10-14</subfield>
  </datafield>
  <datafield tag="999" ind1=" " ind2=" ">
    <subfield code="c">103069</subfield>
    <subfield code="d">103069</subfield>
  </datafield>
  <datafield tag="998" ind1=" " ind2=" ">
    <subfield code="j">1020</subfield>
    <subfield code="k"> &#xE19;&#xE32;&#xE07;&#xE08;&#xE33;&#xE40;&#xE23;&#xE35;&#xE22;&#xE07;  &#xE23;&#xE30;&#xE27;&#xE31;&#xE07;&#xE2A;&#xE33;&#xE42;&#xE23;&#xE07;</subfield>
  </datafield>
  <datafield tag="952" ind1=" " ind2=" ">
    <subfield code="0">0</subfield>
    <subfield code="1">0</subfield>
    <subfield code="2">lcc</subfield>
    <subfield code="4">0</subfield>
    <subfield code="7">0</subfield>
    <subfield code="8">CSEN</subfield>
    <subfield code="a">NALT</subfield>
    <subfield code="b">NALT</subfield>
    <subfield code="c">GEN</subfield>
    <subfield code="d">2023-09-07</subfield>
    <subfield code="l">13</subfield>
    <subfield code="m">7</subfield>
    <subfield code="o">HG 4661 &#xE04;129&#xE01; 2562</subfield>
    <subfield code="p">0100010607001</subfield>
    <subfield code="r">2025-03-10 00:00:00</subfield>
    <subfield code="s">2025-02-26</subfield>
    <subfield code="w">2023-09-07</subfield>
    <subfield code="y">GB</subfield>
  </datafield>
</record>
